Paris - XIVème arrondissement - moyen - Statistiques

Statistiques générales
  • Ce quiz a été pris 11 fois
  • Le résultat moyen est 16 sur 40
Statistiques - réponses
... ... Réponses % Correct
Le quartier Animal majestueux représenté sur le logo du XIVème. Une statue à son effigie trône au cœur d'une grande place de l'arrondissement. Lion (de Belfort)
89%
Voie de l'arrondissement, dont le nom évoque une grande ville ukrainienne, abritant le principal port du pays. De nombreuses crêperies bordent les trottoirs de cette rue passante du quartier Montparnasse. Rue d'Odessa
89%
Station de métro située sous l'Eglise Saint-Pierre de Montrouge, portant le nom de la victoire finale de la Guerre des Gaulles, n'en déplaise à Abraracourcix. Alésia
78%
Ancienne avenue de Chatillon, elle a été renommée en 1965, en l'honneur du plus grand résistant français Avenue Jean Moulin
67%
Petite rue pour un grand stratège, le général carthaginois qui franchit les Alpes et fut proche de faire tomber Rome. La voie est une impasse dévoilant de superbes maisons d'artistes. Cité Annibal
67%
Voie de l'arrondissement portant le nom du chef des Arvernes, héroïque lors des deux batailles citées précédemment. Rue Vercingétorix
67%
Le quartiers des idées Ecrivaine féministe majeure, ayant notamment rédigé "Le Deuxième Sexe". Elle vécut dans cette rue durant ses années d'enseignante. Simone de Beauvoir
67%
Un quartier sportif Sport dans lequel le Paris Université Club est quadruple champion de France chez les hommes et quintuple champion de France chez les femmes. Handball
56%
Station de métro située sur la ligne 4, nommée en l'honneur d'un général napoléonien, pour toujours ennemi de la monarchie. Il fut fusillé en 1816, sous la Restauration. Mouton-Duvernet
56%
Station de métro des lignes 4 et 6, faisant référence à un scientifique et militant politique. Constant opposant à tous les gouvernements de son époque, il a surtout représenté la candidature la plus à gauche lors de l'élection présidentielle de 1848. Raspail
56%
Rue nommée d'après la principale victoire gauloise face à Jules César, dans le quartier Plaisance. Rue de Gergovie
56%
Un quartier "antique" Rue du XIVème célébrant une des plus terribles batailles des guerres médiques, un affrontement déséquilibré entre Perses et Spartiates dans un défilé de Grèce centrale. La voie, entièrement piétonne, est l'une des plus pittoresques du quartier Plaisance avec ses petites maisons et sa végétation abondantes. Rue des Thermopyles
56%
Sport dans lequel le PUC est double champion de France chez les hommes et septuple champion de France chez les femmes. Basketball
44%
Ordre religieux de ce héros, assassiné par deux collabos en 1944. Franciscain
44%
Figure emblématique du fauvisme, qui peignit dans son atelier situé villa d'Alésia. Henri Matisse
44%
Rue joyeuse du quartier Montparnasse, connue comme la rue des théâtres. Haut lieu parisien de la luxure, les sex-shop et les cinémas X y ont néanmoins remplacé les maisons closes. Rue de la Gaité
44%
Rue évoquée par Georges Brassens dans la chanson "Entre la rue ... et la rue de Vanves". La voie donne sur le boulevard Brune et une station du tramway T3A, baptisée du nom de cette rue. Rue Didot
44%
Rue nommée en l'honneur d'un roi de Sparte, mort durant cette bataille, héros du film 300. Rue Léonidas
44%
Documentaire réalisé par Agnès Varda, racontant la vie du quartier Denfert, dans l'une des rues les plus dynamiques de l'arrondissement. Daguerréotypes
33%
Impasse dans laquelle Georges Brassens vécut durant 22 ans. Il y écrivit ses premières chansons. Impasse Florimont
33%
Un quartier résistant Survivant du génocide arménien, il s'illustre par sa résistance à la barbarie nazie et trône au cœur de l'Affiche rouge. Ancien résidant de la rue citée ci-dessus, il demeure aujourd'hui au Panthéon, pour l'Eternité. Missak Manouchian
33%
Maternité fondée en 1887 par l'abbé Carton, ancien curé de l'église Saint-Pierre de Montrouge. Les moutons, que l'on peut apercevoir depuis la rue des Plantes, y broutent aujourd'hui paisiblement. Notre-Dame de Bon-Secours
33%
Ancien conseiller communal communiste de l'arrondissement qui dirigea la résistance parisienne avec Henri Rol-Tanguy et Gaston Carré. Il fut fusillé au stand de tir de Balard par les Allemands. L'ancienne rue de Vanves fut rebaptisée en son honneur. Raymond Losserand
33%
Intellectuel sénégalais mort dans l'arrondissement. S'il fut sénateur sous la Quatrième République, il s'illustra surtout pour ses écrits en faveur de la cause noire et fonda la revue "Présence africaine". Alioune Diop
22%
Prêtre, symbole de la Résistance française, qui accueillit de nombreux combattants étrangers dans son couvent rue Marie-Rose. Une belle rue du XIVème arrondissement lui rend hommage. Corentin Cloarec
22%
Surnommé le "Yach" au sein du XV de France, cet ancien demi de mêlée du PUC ne jouissait pourtant pas d'un physique impressionnant. Double vainqueur du Tournoi des six nations, il fut titulaire lors de la finale du mondial 2011. Dimitri Yachvili
22%
Ecole située rue Gassendi, en face de l'ancien domicile de Léon Trotski. Celui-ci y enseigna durant son exil parisien. Ecole Catherine Labouré
22%
Profession de Pierre Larousse et de Rémy Dumoncel, auxquels sont dédiés deux rues de l'arrondissement. Editeurs
22%
Egalement maire du XIVème arrondissement, de 1898 à 1900, il fut l'un des principaux opposants au général Boulanger. Tangente de la rue citée ci-dessus, une rue porte son nom dans le quartier de Plaisance, où il fut député radical de gauche. Edouard Jacques
22%
Géant qui fut tuée et dont la tête fut tranchée par Guillaume d'Orange. Ce personnage légendaire a donné son nom à une rue du quartier du Parc Montsouris. Géant Isoré (Issoire)
22%
Les maires Proche des milieux anarchistes révolutionnaires, il fut nommé maire du XIVème par le gouvernement provisoire de la Commune. Eternel rebelle épris de liberté, il lutta contre les tendances autoritaires du socialisme. Henri Leneveux
22%
Ancien hôpital et importante maternité. En 2011, le site fut transformé en lieu culturel "underground", sous le nom des "Grands Voisins". Il est aujourd'hui désaffecté. Hôpital Saint-Vincent de Paul
22%
Unique maire élu à droite dans l'arrondissement, il quitta ses fonctions en 2001, date à laquelle la ville de Paris bascule à gauche. Lionel Assouad
22%
Il fut une figure de l'opposition au Second Empire, contribuant notamment à plusieurs revues ouvrières censurées. Plus tard, en tant que maire de l'arrondissement, il résista à l'armée versaillaise sous la Commune, ce qui lui vaudra une rue en son honneur. Louis Asseline
22%
"MM, le nouveau ZZ" titrait l'Equipe à ses débuts en équipe de France. Originaire de la Porte de Vanves et formé au CA Paris 14, cette figure du FC Sochaux n'a pas eu la carrière escomptée. Marvin Martin
22%
Promenade protégée par des arcades d'arbustes dans le quartier Plaisance. Son nom est un hommage à deux sœurs martiniquaises, fondatrices du mouvement littéraire et politique de la négritude. Promenade Jane et Paulette Nardal
22%
Rue de l'arrondissement dans laquelle vécut Lénine, avant son déménagement rue Marie-Rose, dans le même quartier. Cette rue s'est agrandie en intégrant la rue de la Paix ; mais pas celle du Monopoly. Rue Beaunier
22%
Résistante ayant contribuée à sauver plusieurs familles juives de la déportation. Arrêtée et torturée en 1944, elle fut envoyée au camp de concentration de Ravensbrück. Suzanne Leclézio
11%
Joueur de football originaire du XIVème arrondissement, ayant également joué sous le maillot du CA Paris 14. Champion de France avec Monaco en 2017, notamment passé par Chelsea, Naples ou l'AC Milan, il évolue actuellement sous les couleurs du PAOK Salonique. Tiémoué Bakayoko
11%
Le quartier des artistes Compagne de cette dernière. Egalement résistante et déportée, elle fut avant tout une artiste peintre reconnue. Yvonne Ziegler
11%
Aucun quiz correspondant
Distribution des résultats
% des personnes avec chaque résultat
Percentile par nombre de réponses
Votre historique - résultats
Vous n’avez pas pris ce quiz